Tilastot visalle Sanat - "Missä muruseni on" - Jenni Vartiainen

Klikkaa tästä pelataksesi tätä visaa!

Yleistilastot

  • Tätä visaa on pelattu 617 kertaa
  • Keskiarvotulos 55 / 85

Vastaustilastot

Sanat% Oikein
missä
98%
muruseni
98%
on
98%
hän
97%
Tuuli
95%
Tuuli
95%
sinne
94%
tuule
93%
hänen
92%
hetki
92%
hiuksillaan
92%
Leiki
92%
Kerro,
90%
kerro
90%
Kerro
90%
kuinka
87%
86%
86%
ikävöin
85%
85%
menin
84%
nukkumaan,
83%
parvekkeelle
83%
vaan
83%
vaan
83%
Vaan…
83%
häntä
82%
ootan
82%
yhä
81%
Yöllä
81%
Yöllä
81%
Jotta
79%
lähempänä
79%
ois
79%
rakkauteni,
79%
mua
78%
taas
76%
Että
64%
tähden
62%
ja
60%
jos
58%
lentävän
57%
pian
57%
kuiskasin
56%
niin
56%
näen
55%
mitä
54%
tuulemaan
54%
pyynnön
53%
silloin
53%
tähdenlennon
52%
taivaalle
52%
Toivoa
52%
ylös
52%
taivas
51%
jossain
50%
oottamaan,
50%
Kävisipä
48%
oli
48%
ryhdyin
47%
voit'
47%
huomaa
46%
Sanovat
46%
Mut
45%
tunsin
45%
ihollain
44%
Koski
44%
näkyy,
44%
poskeain
44%
Tutun
44%
käden
43%
kohta
42%
kuitenkin
42%
eilen
41%
Joku
40%
Tyyni
40%
henkäisi
39%
lähelläni
39%
Pediltäni
39%
liikkui
38%
sain
38%
tuntee
38%
enää
37%
Enkä
36%
epäillyt
34%

Tulosjakauma

Persentiili vastausten määrän mukaan

Jokaisen tuloksen saaneiden osuus

Tuloshistoriasi

Et ole pelannut tätä visaa